01248 2200373 4500001002100000005001500021035002000036007000300056008004100059020002200100082001700122084001900139100003100158245014900189250003500338300004100373650002400414700003400438700002900472700004000501700003000541700003400571264004100605336002100646337003000667338002300697040002200720090002200742850001200764504003200776999002200808990002200830990002200852INLIS00000000088694820240529121352 a0010-0524000779ta240529s2023 yoia g | ind  a978-623-473-292-404223a658.4012 a658.4012 NUR m0 aNur Aini StaryoePengarang10aManajemen strategik kesehatan /cNur Aini Staryo, Andriyana Abdullah, Herlina Yusuf, Nur Asia Hapsari Pratiwi, Erni Febrianti, A. Mukramin Yusuf aCetakan pertama, November 2023 avi, 79 halaman :bilustrasi ;c19 cm 4aManajemen strategik0 aAndriyana AbdullahePengarang0 aHerlina YusufePengarang0 aNur Asia Hapsari PratiwiePengarang0 aErni FebriantiePengarang1 aMukramin Yusuf, A.ePengarang31aSleman :bMadani Berkah Abadi,c2023 2rdacontentateks 2rdamediaatanpa perantara 2rdacarrieravolume aYOPDYOGbinderda aCB-D.11 2023-5172 aYOPDYOG aBibliografi : halaman 71-74 aCB-D.11/2023-5172 aCB-D.11/2023-5172 aCB-D.11/2023-5172